نهضة الأمة بين عوامل الإنحدار وسبل الإرتقاء : (رقم التسجيلة. 113365)

تفاصيل مارك
000 -الفاتح
عناصر البيانات ثابتة الطول 00861cam a2200193 i 4500
005 - تاريخ ووقت آخر معاملة
حقل ضبط 20251224123936.0
008 - عناصر البيانات ثابتة الطول
عناصر البيانات ثابتة الطول 250721s2008 jo gr 000 0 ara d
082 14 - رقم تصنيف ديوي العشري
رقم التصنيف 218.62
رقم المادة ز ه ر
100 1# - مدخل رئيسي – اسم شخصي
الاسم الشخصي زهران، عدنان
علاقة الشخص بالعمل/ دوره مؤلف.
245 10 - بيان العنوان
العنوان نهضة الأمة بين عوامل الإنحدار وسبل الإرتقاء :
بقية العنوان نظرة تاريخية تحليلية مقارنة معاصرة /
بيان المسؤولية د. عدنان زهران ؛ راجعه ووضع حواشيه وقدم له د. عبد الرحيم محمد السلوادي.
250 ## - بيان الطبعة
بيان الطبعة الطبعة الأولى.
264 31 - بيانات النشر، التوزيع…إلخ
مكان النشر، التوزيع...إلخ عمان :
اسم الناشر، الموزع...إلخ دار زهران للنشر والتوزيع،
تاريخ النشر، التوزيع...إلخ 2008.
300 ## - الوصف المادي
عدد الوحدات المكونة للوعاء 183 صفحة.
650 17 - مدخل إضافي بالموضوع - مصطلح موضوعي
مصطلح موضوعي أو اسم جغرافي كعنصر مدخل دفع المطاعن عن الاسلام.
650 17 - مدخل إضافي بالموضوع - مصطلح موضوعي
مصطلح موضوعي أو اسم جغرافي كعنصر مدخل الاسلام.
650 17 - مدخل إضافي بالموضوع - مصطلح موضوعي
مصطلح موضوعي أو اسم جغرافي كعنصر مدخل النهضه.
942 ## - بيانات إضافية (كوها)
نوع التنصيف Dewey Decimal Classification
نوع المادة (كوها) كتب
المقتنيات
حالة السحب حالة الفقدان مصدر التصنيف حالة التلف غير قابل للإعارة المكتبة الرئيسية المكتبة الحالية موقع الرف تاريخ التزويد الرقم المتسلسل Total Checkouts رقم الإستدعاء الباركود تاريخ آخر ظهور تاريخ الفاتورة نوع المادة (كوها)
    Dewey Decimal Classification     المكتبة المركزية المكتبة المركزية الإعارة 28/07/2025 1211590   218.62 / ز ه ر PLD00032997 28/07/2025 28/07/2025 كتب
    Dewey Decimal Classification     المكتبة المركزية المكتبة المركزية مقتنيات قسم التزويد 28/07/2025 1211592   218.62/زهر   28/07/2025 28/07/2025 كتب
    Dewey Decimal Classification     المكتبة المركزية المكتبة المركزية مقتنيات قسم التزويد 28/07/2025 1211593   218.62/زهر   28/07/2025 28/07/2025 كتب
    Dewey Decimal Classification     المكتبة المركزية المكتبة المركزية مقتنيات قسم التزويد 28/07/2025 1211594   218.62/زهر   28/07/2025 28/07/2025 كتب
    Dewey Decimal Classification     المكتبة المركزية المكتبة المركزية مقتنيات قسم التزويد 28/07/2025 1739227   218.62/زهر   28/07/2025 28/07/2025 كتب
    Dewey Decimal Classification     مكتبة أبو علندا العامة مكتبة أبو علندا العامة الإعارة 05/08/2008 1211604   218.62/زهر PLD00033150 28/07/2025 05/08/2008 كتب
    Dewey Decimal Classification     مكتبة أم قصير والمقابلين العامة مكتبة أم قصير والمقابلين العامة الإعارة 05/08/2008 1211603   218.62/زهر PLD00033149 28/07/2025 05/08/2008 كتب
    Dewey Decimal Classification     مكتبة الأميرة ايمان العامة مكتبة الأميرة ايمان العامة الإعارة 05/08/2008 1211595   218.62/زهر PLD00033141 28/07/2025 05/08/2008 كتب
    Dewey Decimal Classification     مكتبة الجويدة مكتبة الجويدة الإعارة 05/08/2008 1211599   218.62/زهر PLD00033145 28/07/2025 05/08/2008 كتب
    Dewey Decimal Classification     مكتبة الحسن العامة مكتبة الحسن العامة الإعارة 05/08/2008 1211600   218.62/زهر PLD00033146 28/07/2025 05/08/2008 كتب
    Dewey Decimal Classification     مكتبة النصر العامة مكتبة النصر العامة الإعارة 05/08/2008 1211606   218.62/زهر PLD00033152 28/07/2025 05/08/2008 كتب
    Dewey Decimal Classification     مكتبة حمزة العامة مكتبة حمزة العامة الإعارة 05/08/2008 1211601   218.62/زهر PLD00033147 28/07/2025 05/08/2008 كتب
    Dewey Decimal Classification     مكتبة صويلح العامة مكتبة صويلح العامة الإعارة 05/08/2008 1211596   218.62/زهر PLD00033142 28/07/2025 05/08/2008 كتب
    Dewey Decimal Classification     مكتبة وادي السير العامة مكتبة وادي السير العامة الإعارة 05/08/2008 1211605   218.62/زهر PLD00033151 28/07/2025 05/08/2008 كتب
Implemented & Customized by: BBB with SCIT (Smart Chains for Information Technology)

Powered by Koha